Trampolina

Podrobná bibliografia
Hlavný autor: Hála, Vlastimil, 1924-1985 (Autor)
Médium: Kniha
Jazyk:neznámy jazyk
Vydavateľské údaje: Praha SNKLHU 1959

MARC

LEADER 00000nam a2200000 a 4500
001 vtls001352762
003 SK-MaSNL
005 20260301010412.0
008 240313s1959 xx 0 und
035 |a SNK000306151 
040 |a SNK  |b slo  |c SNK  |e AACR2 
100 1 |a Hála, Vlastimil,  |d 1924-1985  |4 aut  |9 132964 
245 1 |a Trampolina 
260 |a Praha  |b SNKLHU  |c 1959 
999 |c 548015  |d 549945 
952 |t P60, <04>, [BOOK], {604}  |a SNK  |b SNK  |y VYP  |7 0  |p 17A0176797  |o snkHB 3657 D1  |0 0  |1 0  |4 0  |d 1999-01-18  |l 0  |r 2005-01-02 00:00:00  |w 2026-02-23